=LDR 00000nam 2200000 4500 =001 INLIS000000000023242 =005 20130612121922 =008 ***********************************Ind** =035 ##$$0010-061300000023242 =041 ##$$a Ind =082 ##$$a 621.388 337 =090 ##$$a 621.388 337, Rud-b =100 ##$$a Rudatin, Taslim =245 ##$$a Bukin sendiri video game, Teknik marakit dan meraparasinya, Taslim Rudatin =260 ##$$a 1992 $b Demak =300 ##$$a 116 hlm., ilus, 21 cm =650 ##$$a Vidio game-merakit dan mereparasi-teknik =850 ##$$a NBPNMAT